Les partis agrariens en Europe : Entre reconversion et récupération (notice n° 2078218)
[ vue normale ]
| 000 -LEADER | |
|---|---|
| fixed length control field | 01692cam a2200181 4500500 |
| 005 - DATE AND TIME OF LATEST TRANSACTION | |
| control field | 20260405004753.0 |
| 041 ## - LANGUAGE CODE | |
| Language code of text/sound track or separate title | fre |
| 042 ## - AUTHENTICATION CODE | |
| Authentication code | dc |
| 100 10 - MAIN ENTRY--PERSONAL NAME | |
| Personal name | de Waele, Jean-Michel |
| Relator term | author |
| 245 00 - TITLE STATEMENT | |
| Title | Les partis agrariens en Europe : Entre reconversion et récupération |
| 260 ## - PUBLICATION, DISTRIBUTION, ETC. | |
| Date of publication, distribution, etc. | 2026.<br/> |
| 500 ## - GENERAL NOTE | |
| General note | 11 |
| 520 ## - SUMMARY, ETC. | |
| Summary, etc. | Acteurs politiques de premier plan pour la défense des agriculteurs dans la première moitié xxe siècle, les partis agrariens d’Europe centrale-orientale et scandinave ont dû faire face à des transformations sociétales importantes. Ceux qui ont survécu ont tenté de pallier la disparition de leur électorat par une reconversion idéologique qui a été source d’errances. Dans le même temps, en Europe occidentale, les thématiques agrariennes, autrefois portées par les syndicats agricoles plus que par des formations politiques, ont été récupérées par les partis de droite radicale. |
| 520 ## - SUMMARY, ETC. | |
| Summary, etc. | Major actors in the defence of farmers during the first half of the 20th century, the agrarian parties of Central-Eastern Europe and Scandinavia have been confronted with important societal transformations. Those that have survived have attempted to compensate for the loss of their electorate by undergoing an ideological transformation that have led them astray. Meanwhile, in Western Europe, agrarian issues once championed by agricultural unions rather than political parties, have been taken up by radical right-wing parties. |
| 700 10 - ADDED ENTRY--PERSONAL NAME | |
| Personal name | Persona, Anthony |
| Relator term | author |
| 786 0# - DATA SOURCE ENTRY | |
| Note | Pouvoirs | 197 | 2 | 2026-03-06 | p. 111-119 | 0152-0768 |
| 856 41 - ELECTRONIC LOCATION AND ACCESS | |
| Uniform Resource Identifier | <a href="https://droit.cairn.info/revue-pouvoirs-2026-2-page-111?lang=fr&redirect-ssocas=7080">https://droit.cairn.info/revue-pouvoirs-2026-2-page-111?lang=fr&redirect-ssocas=7080</a> |
Pas d'exemplaire disponible.




Réseaux sociaux